Rozpoznaj europejskie miasto po zdjęciu - poziom średni - Statystyki

Ogólne statystyki
  • Ten quiz został rozwiązany 10 razy
  • Średni wynik to 4 z 16
Statystyki odpowiedzi
Obrazkowy Odpowiedź % Poprawnych
Dubrownik
56%
Sztokholm
56%
Frankfurt nad Menem
44%
Hamburg
33%
Porto
33%
Belgrad
22%
Mediolan
22%
Saloniki
22%
Sewilla
22%
Koszyce
11%
Łódź
11%
Lyon
11%
Mińsk
11%
Nicea
11%
Dublin
0%
Palermo
0%
Nie znaleziono quizów pasujących do podanych kryteriów
Rozkład punktacji
Procent ludzi z każdym wynikiem
Percentyl według liczby udzielonych odpowiedzi
Twoja historia wyników
Nie rozwiązałeś tego quizu